Costumes de Mask Singer - Mort Subite #2 - Statistiques

Statistiques générales
  • Ce quiz a été pris 128 fois
    26 depuis la dernière actualisation
  • Le résultat moyen est 15 sur 20
Answers on the Grid
Answers color-coded by a green-red scale on the quiz's grid according to % correct below.
Papillon
Tortue
Lynx
Araignée
Bouche
Arbre
Doudou
Chevalier
Zèbre
Libellule
Fraisier
Rhino
Brocoli
Bolide
Robolapin
Popcorn
Coccinelle
Chat
Joker
Impératrice
Tanuki
Démon
Poupée
Ananas
Crabe
Escargot
Hydre
Morse
Gargouille
Plongeur
Carotte
Cigale
Flamant rose
Harpie
Loutre
Sanglier
Coquelicot
Fantôme
Tulipe
Lézard
 
Statistiques - réponses
Réponse % Correct
Brocoli
95%
Bouche
90%
Chevalier
90%
Arbre
86%
Tortue
86%
Araignée
81%
Bolide
81%
Fraisier
81%
Libellule
81%
Rhino
81%
Papillon
76%
Popcorn
76%
Doudou
71%
Lynx
71%
Robolapin
71%
Zèbre
71%
Impératrice
67%
Coccinelle
62%
Chat
52%
Joker
48%
Aucun quiz correspondant
Distribution des résultats
% des personnes avec chaque résultat
Percentile par nombre de réponses
Votre historique - résultats
Vous n’avez pas pris ce quiz depuis la dernière actualisation